Statistics for BTS Songs by Initials

Click here to take the quiz!

General Stats

  • This quiz has been taken 563 times
  • The average score is 9 of 30

Answer Stats

Answer% Correct
BWLBoy With Luv
92%
BSTBlood Sweat and Tears
89%
YNWAYou Never Walk Alone
57%
BILBoy in Luv
48%
INUI Need U
47%
NMDNo More Dream
44%
LMKLet Me Know
42%
WOHWar of Hormone
41%
WABPTEWe are Bulletproof:The Eternal
36%
HOCHouse of Cards
31%
JODJust One Day
31%
TTUThe Truth Untold
30%
TMBMILThe Most Beautiful Moment in Life
26%
MIRMake it Right
24%
ZOCZero O’Clock
23%
AOBAttack On Bangtan
22%
DLMDon’t Leave Me
22%
LTBLouder than Bombs
22%
LINOLove is not Over
22%
HMTHold Me Tight
20%
BMEBoy Meets Evil
19%
CYTOYCPCould You Turn Off Your Cell Phone
19%
HHPHip Hop Phile
18%
YETYour Eyes Tell
18%
AIWAm I Wrong
15%
IIRTWIf I Ruled the World
15%
EYFEpilogue: Young Forever
13%
BYFBoyz With Fun
11%
WAITYWhat Am I To You
10%
ALMAnswer: Love Myself
9%

Score Distribution

Percentile by Number Answered

Percent of People with Each Score

Your Score History

You have not taken this quiz